|
|
|
|
| LEADER |
00000nab a2200000uu 4500 |
| 001 |
vtls011142455 |
| 003 |
SK-MaSNL |
| 005 |
20260303145723.0 |
| 008 |
230222|1977 xo |||||||||||||||||cze| |
| 015 |
|
|
|a SNBRB
|
| 035 |
|
|
|a (urnnbn)urn:nbn:sk:snk:ar-008di8
|
| 035 |
|
|
|a (uuid)07de3cd9-67c2-42cf-b65b-25adb87f3cc3
|
| 035 |
|
|
|a urn:nbn:sk:snk-abatxk
|
| 040 |
|
|
|a SNKBUCL
|b slo
|c SNKBUCL
|e AACR2
|
| 041 |
0 |
|
|a cze
|
| 044 |
|
|
|a xo
|c SK
|
| 100 |
1 |
|
|a Doseděl, Lev
|4 aut
|9 1168465
|
| 245 |
1 |
0 |
|a DIAKONIE MÍRU
|c Lev Doseděl
|
| 773 |
0 |
|
|t Pravoslavný teologický sborník
|g Roč. 5, č. 5 (1977), s. 9-17
|
| 958 |
|
|
|a OND
|
| 958 |
|
|
|a EUIPO
|
| 958 |
|
|
|a article14
|
| 999 |
|
|
|c 2004702
|d 2006632
|